| 000 | 00523nam a22002057a 4500 | ||
|---|---|---|---|
| 003 | OSt | ||
| 005 | 20150912142555.0 | ||
| 008 | 150912b xxu||||| |||| 00| 0 eng d | ||
| 020 | _a9780745640426 | ||
| 040 | _cDNLM | ||
| 082 | _aWA100 D286g 2010 | ||
| 100 |
_aDavis, Sara E. _95721 |
||
| 245 | _aGlobal politics of health | ||
| 260 |
_aUK; _bPolity, _c2010 |
||
| 300 |
_ax,243p; _bill: _c23cm |
||
| 504 | _aReferences, & index included | ||
| 650 |
_aHealth issue _95722 |
||
| 650 |
_aPolitics _95723 |
||
| 942 |
_2z _cO_SHELF |
||
| 999 |
_c2257 _d2257 |
||